| Tag |
First Indicator |
Second Indicator |
Subfields |
| LEADER |
00000pam a22000004a 4500 |
| 001 |
in00002073913 |
| 005 |
20151102123142.0 |
| 008 |
041221s2005 ctua b 001 0 eng |
| 010 |
|
|
|a 2004030552
|
| 020 |
|
|
|a 0300085478 (alk. paper)
|
| 035 |
|
|
|a (OCoLC)ocm57319723
|
| 040 |
|
|
|a DLC
|c DLC
|d YDX
|d UtOrBLW
|
| 042 |
|
|
|a pcc
|
| 049 |
|
|
|a TXAM
|
| 050 |
0 |
0 |
|a HQ770.4
|b .C66 2005
|
| 082 |
0 |
0 |
|a 649/.64
|2 22
|
| 245 |
0 |
0 |
|a Corporal punishment of children in theoretical perspective /
|c edited by Michael Donnelly and Murray A. Straus.
|
| 264 |
|
1 |
|a New Haven :
|b Yale University Press,
|c [2005]
|
| 264 |
|
4 |
|c ©2005
|
| 300 |
|
|
|a ix, 338 pages :
|b illustrations ;
|c 24 cm.
|
| 336 |
|
|
|a text
|b txt
|2 rdacontent
|
| 337 |
|
|
|a unmediated
|b n
|2 rdamedia
|
| 338 |
|
|
|a volume
|b nc
|2 rdacarrier
|
| 504 |
|
|
|a Includes bibliographical references (pages 299-332) and index.
|
| 650 |
|
0 |
|a Corporal punishment of children.
|
| 700 |
1 |
|
|a Donnelly, Michael,
|d 1949-
|
| 700 |
1 |
|
|a Straus, Murray A.
|q (Murray Arnold),
|d 1926-
|
| 856 |
4 |
1 |
|3 Table of contents
|u http://www.loc.gov/catdir/toc/ecip055/2004030552.html
|t 0
|
| 945 |
|
|
|i PromptCat
|
| 947 |
|
|
|a A14832688271
|
| 994 |
|
|
|a 92
|b TXA
|
| 948 |
|
|
|a cataloged
|b h
|c 2005/9/20
|d c
|e rbarron
|f 10:39:34 am
|
| 999 |
|
|
|a MARS
|
| 999 |
f |
f |
|s 4434acdc-f3c2-3f9a-a274-573eeed6a1e6
|i 2151482e-d273-3aab-9804-21aad3eb7984
|t 0
|
| 952 |
f |
f |
|p ric
|a Texas A&M University
|b Rellis Campus
|c Joint Library Facility
|d Remote Storage
|t 0
|e HQ770.4 .C66 2005
|h Library of Congress classification
|i unmediated -- volume
|m A14832688271
|
| 998 |
f |
f |
|a HQ770.4 .C66 2005
|t 0
|l Remote Storage
|